| 000 | 00435nam a2200157 a 4500 | ||
|---|---|---|---|
| 005 | 20140412111222.0 | ||
| 008 | 091205s19uu xx 00 eng d | ||
| 020 | _a971-508-234-3 | ||
| 050 |
_aFil E _bPa11 2008 |
||
| 100 | _aPatindol, Jean Lee | ||
| 245 |
_aPapa's House, Mama's House / _cJean Lee Patindol. |
||
| 260 |
_aPhilippines : _bAdarna House, _c2008. |
||
| 300 | _aunp. | ||
| 440 | _aA Book in 2 Languages | ||
| 999 |
_c101964 _d101964 |
||